Los Determinantes de la inversión en El Salvador

שמור ב:
מידע ביבליוגרפי
פורמט: Texto
נושאים:
תגים: הוספת תג
אין תגיות, היה/י הראשונ/ה לתייג את הרשומה!

MARC

LEADER 00000 a a2200000 04500
001 6593
003
040
245 |a Los Determinantes de la inversión en El Salvador  
650 |a INVERSIONES EXTRAJERAS  
650 |a TASA DE INTERES  
773 |g volumen 23, número 1008; páginas 6-7  
999 |c 38308  |d 38308